000 00275nam a22001217a 4500
008 170712b xxu||||| |||| 00| 0 eng d
041 _aeng
080 _aR 809 MAG
100 _a26
101 _aENC
245 _aCYCLOPEDIA WORLD AUTHORS
_cMAGILL.F.N
942 _2udc
_cBK
999 _c20241
_d20241